[Event "LSS RC-2010-0-00047"]
[Site "LSS email"]
[Date "2010.06.18"]
[Round "?"]
[White "Henke, Simon"]
[Black "Duarte, Nuno"]
[Result "0-1"]
[WhiteElo "1685"]
[BlackElo "2361"]
[PlyCount "62"]
[EventDate "2010.04.02"]
[EventType "tourn (corr)"]
[EventRounds "6"]
[EventCountry "GER"]
[SourceTitle "Corr 2022"]
[Source "ChessBase"]
[SourceDate "2021.10.24"]
[SourceVersion "1"]
[SourceVersionDate "2021.10.24"]
[SourceQuality "1"]

1. d4 e6 2. Nf3 d5 3. e3 Nf6 4. Bd3 c5 5. b3 Nc6 6. Bb2 cxd4 7. exd4 Bd6 8. Nbd2 0-0 9. 0-0 b6 10. a3 Bb7 11. Ne5 Rc8 12. f4 Ne7 13. Qe1 Nf5 14. g4 Bxe5 15. gxf5 Bd6 16. fxe6 Nh5 17. Bc1 Rc7 18. Nf3 Nxf4 19. Bxf4 Bxf4 20. exf7+ Rcxf7 21. Kh1 Rf6 22. Qh4 g6 23. Rae1 Bc8 24. Kg2 Kg7 25. Re2 Bd6 26. Ree1 Bd7 27. b4 h6 28. c4 dxc4 29. Bxc4 Qc8 30. Rc1 Rf4 31. Qe1 Bh3+ 0-1

[Event "LSS RC-2010-0-00043"]
[Site "LSS email"]
[Date "2010.04.03"]
[Round "?"]
[White "Raluy Lopez, Marcos"]
[Black "Duarte, Nuno"]
[Result "0-1"]
[WhiteElo "1415"]
[BlackElo "1685"]
[PlyCount "54"]
[EventDate "2010.03.05"]
[EventType "tourn (corr)"]
[EventRounds "6"]
[EventCountry "GER"]
[SourceTitle "Telechess CBM 147"]
[Source "ChessBase"]
[SourceDate "2012.03.16"]
[SourceVersion "1"]
[SourceVersionDate "2012.03.16"]
[SourceQuality "1"]

1. d4 d5 2. c4 e6 3. Nc3 Bb4 4. Nf3 Nf6 5. Bg5 0-0 6. cxd5 exd5 7. Qc2 h6 8. Bh4 Be6 9. e3 Nbd7 10. Bd3 Rc8 11. Qa4 c5 12. Rc1 Nb6 13. Qxa7 Ra8 14. Qxb7 Bc8 15. Qc6 c4 16. Bb1 Bd7 17. Qb7 Bb5 18. Bf5 Re8 19. Ne5 Re7 20. Bxf6 gxf6 21. Nc6 Rxb7 22. Nxd8 Rxd8 23. Ke2 Bc6 24. Rc2 Nc8 25. f3 Nd6 26. Bh3 Rdb8 27. Rhc1 Ba5 0-1

[Event "LSS RC-2010-0-00043"]
[Site "LSS email"]
[Date "2010.04.02"]
[Round "?"]
[White "Somogyi, Gabor"]
[Black "Duarte, Nuno"]
[Result "0-1"]
[WhiteElo "1703"]
[BlackElo "1772"]
[PlyCount "38"]
[EventDate "2010.03.05"]
[EventType "tourn (corr)"]
[EventRounds "6"]
[EventCountry "GER"]
[SourceTitle "Telechess CBM 141"]
[Source "ChessBase"]
[SourceDate "2011.03.17"]
[SourceVersion "1"]
[SourceVersionDate "2011.03.17"]
[SourceQuality "1"]

1. Nf3 d5 2. g3 c5 3. Bg2 Nc6 4. d4 e6 5. 0-0 Nf6 6. Nc3 Be7 7. Bf4 0-0 8. a3 cxd4 9. Nxd4 Nd7 10. Nxc6 bxc6 11. Qd4 e5 12. Bxe5 Bc5 13. Qf4 g5 14. Qd2 Nxe5 15. b4 Bb6 16. b5 cxb5 17. Nxd5 Rb8 18. h4 h6 19. hxg5 Qxg5 0-1

[Event "OP-2010-0-01054"]
[Site "LSS email"]
[Date "2010.01.20"]
[Round "?"]
[White "Prosperi, Agostino"]
[Black "Duarte, Nuno"]
[Result "1-0"]
[WhiteElo "1869"]
[BlackElo "1685"]
[PlyCount "81"]
[EventDate "2010.01.15"]
[EventType "tourn (corr)"]
[EventRounds "4"]
[EventCountry "GER"]
[SourceTitle "Telechess CBM 141"]
[Source "ChessBase"]
[SourceDate "2011.03.17"]
[SourceVersion "1"]
[SourceVersionDate "2011.03.17"]
[SourceQuality "1"]

1. e4 e5 2. Nf3 Nf6 3. Nxe5 d6 4. Nf3 Nxe4 5. d4 d5 6. Bd3 Bd6 7. 0-0 0-0 8. c4 c6 9. Qc2 Na6 10. a3 Bf5 11. Nc3 Re8 12. Re1 h6 13. Nxe4 dxe4 14. Bxe4 Qe7 15. Bg5 Qxe4 16. Rxe4 Bxe4 17. Qb3 hxg5 18. Nxg5 b5 19. cxb5 Bd5 20. Qd3 cxb5 21. Qh7+ Kf8 22. Qh8+ Ke7 23. Qxg7 Nc7 24. Nh7 Rg8 25. Qf6+ Kd7 26. Qf5+ Kc6 27. g3 Kb6 28. Nf6 Be6 29. Qc2 Rgd8 30. Rc1 Bc4 31. b3 Bxa3 32. Ra1 Rxd4 33. bxc4 Rxc4 34. Qb3 Bc5 35. Nd7+ Kb7 36. Qf3+ Kc8 37. Qxf7 Bd6 38. Rd1 Rc6 39. h4 b4 40. h5 Kb7 41. h6 1-0

[Event "OP-2010-0-01054"]
[Site "LSS email"]
[Date "2010.01.19"]
[Round "?"]
[White "Duarte, Nuno"]
[Black "Gubo, Jozef"]
[Result "1/2-1/2"]
[WhiteElo "1772"]
[BlackElo "1010"]
[PlyCount "109"]
[EventDate "2010.01.15"]
[EventType "tourn (corr)"]
[EventRounds "4"]
[EventCountry "GER"]
[SourceTitle "Corr 2013"]
[Source "ChessBase"]
[SourceDate "2012.11.12"]
[SourceVersion "1"]
[SourceVersionDate "2012.11.12"]
[SourceQuality "1"]

1. Nf3 d5 2. c4 Nf6 3. e3 Bg4 4. d4 e6 5. Nc3 Bb4 6. Qa4+ Nc6 7. Ne5 Bxc3+ 8. bxc3 0-0 9. Nxc6 bxc6 10. Qxc6 Bf5 11. Be2 dxc4 12. Bxc4 Be4 13. Qb5 Bxg2 14. Rg1 Bd5 15. Ba3 Re8 16. Bd3 c6 17. Qb4 a5 18. Qd6 Ne4 19. Bxe4 Qxd6 20. Bxh7+ Kxh7 21. Bxd6 Red8 22. Bg3 Rac8 23. Kd2 c5 24. Rgc1 Bc4 25. Rab1 f6 26. f4 Kg6 27. a3 Rd7 28. Rb6 Kf5 29. Rcb1 cxd4 30. exd4 Ke4 31. Rb7 Rcc7 32. Rb8 Bd5 33. R8b5 Rb7 34. Re1+ Kf5 35. Rxa5 Rb2+ 36. Kd3 Rdb7 37. Rc1 R7b3 38. a4 Ra3 39. Rc5 g6 40. Rb5 Rba2 41. a5 Kg4 42. Rg1 Kf5 43. Rgb1 Kg4 44. Rg1 Kf5 45. Rc1 Kg4 46. f5 gxf5 47. Bd6 Rxa5 48. Rxa5 Rxa5 49. Rg1+ Kh5 50. c4 Be4+ 51. Kc3 Ra6 52. Bf4 Ra3+ 53. Kb4 Rf3 54. Bd6 f4 55. h3 1/2-1/2

[Event "FICGS rapid A 000039 email"]
[Site "FICGS email"]
[Date "2008.02.07"]
[Round "1"]
[White "Malpalma, Joaquim"]
[Black "Duarte, Nuno"]
[Result "1-0"]
[WhiteElo "1916"]
[BlackElo "1800"]
[PlyCount "21"]
[EventDate "2008.??.??"]
[EventType "tourn (rapid)"]
[EventRounds "6"]
[SourceTitle "Corr 2022"]
[Source "ChessBase"]
[SourceDate "2021.10.24"]
[SourceVersion "1"]
[SourceVersionDate "2021.10.24"]
[SourceQuality "1"]

1. c4 e5 2. Nc3 Nf6 3. Nf3 Nc6 4. g3 d5 5. cxd5 Nxd5 6. Bg2 Nb6 7. 0-0 Be7 8. d3 0-0 9. a3 Be6 10. b4 Nd5 11. Bb2 1-0

[Event "FICGS class C 000039 email"]
[Site "FICGS email"]
[Date "2008.02.04"]
[Round "1"]
[White "Duarte, Nuno"]
[Black "Whitman, Roger"]
[Result "0-1"]
[WhiteElo "1800"]
[BlackElo "1971"]
[PlyCount "22"]
[EventDate "2008.??.??"]
[EventType "tourn (corr)"]
[EventRounds "1"]
[SourceTitle "Corr 2022"]
[Source "ChessBase"]
[SourceDate "2021.10.24"]
[SourceVersion "1"]
[SourceVersionDate "2021.10.24"]
[SourceQuality "1"]

1. Nf3 c5 2. g3 Nc6 3. Bg2 e5 4. c4 g6 5. Nc3 Bg7 6. 0-0 Nge7 7. Rb1 0-0 8. Ne1 d6 9. Nc2 Be6 10. Nd5 Rb8 11. d3 b5 0-1

[Event "LSS OP-2007-0-00386"]
[Site "LSS email"]
[Date "2007.10.15"]
[Round "?"]
[White "Caudill, Tom"]
[Black "Duarte, Nuno"]
[Result "0-1"]
[WhiteElo "1221"]
[BlackElo "800"]
[PlyCount "72"]
[EventDate "2007.10.13"]
[EventType "tourn (corr)"]
[EventRounds "4"]
[EventCountry "GER"]
[SourceTitle "Corr 2022"]
[Source "ChessBase"]
[SourceDate "2021.10.24"]
[SourceVersion "1"]
[SourceVersionDate "2021.10.24"]
[SourceQuality "1"]

1. e4 e5 2. Nf3 Nf6 3. Nc3 Nc6 4. Bb5 Nd4 5. Nxe5 Nxb5 6. Nxb5 c6 7. Nc3 Qe7 8. d4 d6 9. Nf3 Nxe4 10. Nxe4 Qxe4+ 11. Qe2 Bf5 12. Be3 Qxc2 13. Qxc2 Bxc2 14. 0-0 Be7 15. Rfe1 Kd7 16. Rac1 Bf5 17. Rc3 Rhe8 18. Rec1 Be4 19. Ng5 Bxg5 20. Bxg5 Bd5 21. a3 f5 22. h3 h6 23. Be3 Re4 24. f3 Re6 25. Kf2 Rae8 26. f4 h5 27. b4 h4 28. a4 Rg6 29. b5 Rxg2+ 30. Kf1 Rg3 31. bxc6+ bxc6 32. Bg1 Re4 33. Rxg3 hxg3 34. Re1 Rxf4+ 35. Ke2 Rh4 36. Rf1 f4 0-1